| 000 | 00967nmc a2200325 a 4500 | ||
|---|---|---|---|
| 003 | AR-BaBNM | ||
| 005 | 20251128202810.0 | ||
| 008 | 186119s1953 ||||||||||||||000 | spa|| | ||
| 040 | _cAR-BaBNM | ||
| 100 | 1 | _aRamos Mejía, José María | |
| 245 | 1 | 0 |
_aRosas y su tiempo _n1 |
| 260 |
_aBuenos Aires _bJackson _c1953 |
||
| 300 | 1 | _alx, 296 p. | |
| 490 | 0 |
_aGrandes escritores argentinos _vv. 36 |
|
| 500 | 0 | _aContiene definición de propósitos a cargo del director de la colección en p. i-x | |
| 500 | 0 | _aBiografía del autor en p. xi-xii | |
| 650 | 4 | _aHISTORIA ARGENTINA | |
| 650 | 4 | _aHISTORIA POLITICA | |
| 650 | 4 | _aROSAS Y SU TIEMPO | |
| 650 | 4 | _aPERIODO INDEPENDIENTE | |
| 650 | 4 | _aCAUDILLOS ARGENTINOS | |
| 650 | 4 | _aBIOGRAFIAS | |
| 650 | 4 | _aVIDA POLITICA | |
| 650 | 4 | _aREACCIONES CONTRA ROSAS | |
| 655 | _aLITERATURA | ||
| 700 | 1 |
_aDellepiane, Antonio _eprologuista |
|
| 800 | 1 |
_aPalcos, Alberto _edirector |
|
| 942 | _cBK | ||
| 998 | _cisola | ||
| 999 |
_c622 _d622 |
||